| 000 | 00712nam a22001817a 4500 | ||
|---|---|---|---|
| 008 | 211104b ||||| |||| 00| 0 eng d | ||
| 020 | _a0521645190 | ||
| 050 | _aDT532.5.M36 1988 | ||
| 100 |
_aManning, Patrick _950954 |
||
| 245 |
_aFrancophone Sub-Saharan Africa 1880-1995 _c/by Patrick, Manning |
||
| 260 |
_aCambridge: _bCambridge University Press, _c1994. |
||
| 300 |
_avi, 247p.; _c23cm. |
||
| 650 |
_aAfrica, French-speaking Equatorial _xHistory _y1884-1960 _950955 |
||
| 650 |
_aAfrica, French-speaking Equatorial _xHistory _y1960- _950956 |
||
| 650 |
_aAfrica, French-speaking West _xHistory _y1884-1960 _932593 |
||
| 650 |
_aAfrica, French-speaking West _xHistory _y1960- _950957 |
||
| 942 |
_2lcc _cMONOGRAPH |
||
| 999 |
_c131097 _d131097 |
||